Vista normal
Vista MARC
Entrada Topical Term
Número de registros utilizados en: 1
001 - CONTROL NUMBER
- control field: 5824
003 - CONTROL NUMBER IDENTIFIER
- control field: OSt
005 - DATE AND TIME OF LATEST TRANSACTION
- control field: 20200619104237.0
008 - FIXED-LENGTH DATA ELEMENTS
- fixed length control field: 200619|| aca||aabn | a|a d
040 ## - CATALOGING SOURCE
- Original cataloging agency: OSt
- Transcribing agency: OSt
150 ## - HEADING--TOPICAL TERM
- Topical term or geographic name entry element: Teoría económica
670 ## - SOURCE DATA FOUND
- Source citation: Work cat.: (OSt)5392: Parra Peña, Isidro, autor 5823, Medias verdades en la economía y el desarrollo / , 1988